[Event "SLO-chT2 East"]
[Site "Velenje"]
[Date "2006.10.02"]
[Round "6"]
[White "Novak, Gorazd"]
[Black "Cojhter, Karl"]
[Result "1-0"]
[WhiteElo "2184"]
[BlackElo "2108"]
[PlyCount "63"]
[EventDate "2006.05.21"]
[EventType "team"]
[EventRounds "9"]
[EventCountry "SLO"]
[SourceTitle "EXT 2008"]
[Source "ChessBase"]
[SourceDate "2007.11.25"]
[SourceVersion "1"]
[SourceVersionDate "2007.11.25"]
[SourceQuality "1"]

1. Nc3 d5 2. Nf3 Nf6 3. d3 d4 4. Ne4 Nxe4 5. dxe4 c5 6. e3 Nc6 7. exd4 cxd4 8. Bc4 e6 9. 0-0 Bc5 10. e5 h6 11. Qe2 a6 12. a4 Bd7 13. Rb1 Qc7 14. Rd1 Rd8 15. Qe4 Nb4 16. Qg4 Bf8 17. Bb3 Nxc2 18. Nxd4 Nxd4 19. Rxd4 h5 20. Qg5 Bc6 21. Be3 Rxd4 22. Bxd4 Qe7 23. Qe3 Qb4 24. Bc2 Be7 25. Rd1 h4 26. h3 Rh5 27. f4 Bxa4 28. Bxa4+ Qxa4 29. Rc1 f6 30. exf6 gxf6 31. Bb6 Kf7 32. Rc7 1-0

[Event "SLO-chT2 East"]
[Site "Velenje"]
[Date "2006.05.21"]
[Round "1"]
[White "Halik, Tomo"]
[Black "Novak, Gorazd"]
[Result "1/2-1/2"]
[WhiteElo "2165"]
[BlackElo "2184"]
[PlyCount "27"]
[EventDate "2006.05.21"]
[EventType "team"]
[EventRounds "9"]
[EventCountry "SLO"]
[SourceTitle "EXT 2008"]
[Source "ChessBase"]
[SourceDate "2007.11.25"]
[SourceVersion "1"]
[SourceVersionDate "2007.11.25"]
[SourceQuality "1"]

1. c4 Nc6 2. Nc3 d6 3. Nf3 e5 4. d4 exd4 5. Nxd4 Bd7 6. g3 Nf6 7. Bg2 Be7 8. 0-0 0-0 9. e4 Nxd4 10. Qxd4 Bc6 11. b3 Nd7 12. Bb2 f5 13. Nd5 Nf6 14. exf5 1/2-1/2

[Event "SLO-chT U20"]
[Site "Novo Mesto"]
[Date "2003.08.28"]
[Round "7"]
[White "Novak, Gorazd"]
[Black "Rozic, Vesna"]
[Result "1/2-1/2"]
[WhiteElo "2200"]
[BlackElo "2138"]
[PlyCount "69"]
[EventDate "2003.08.23"]
[EventType "team"]
[EventRounds "7"]
[EventCountry "SLO"]
[SourceTitle "EXT 2005"]
[Source "ChessBase"]
[SourceDate "2004.11.15"]
[SourceVersion "1"]
[SourceVersionDate "2004.11.15"]
[SourceQuality "1"]

1. Nc3 d5 2. Nf3 Nf6 3. d3 Bg4 4. h3 Bh5 5. Bf4 c6 6. e4 e6 7. e5 Bxf3 8. Qxf3 Nfd7 9. Be2 c5 10. 0-0 Nc6 11. Qg3 Nd4 12. Bd1 a6 13. Ne2 Nf5 14. Qh2 h5 15. Ng3 Nxg3 16. Qxg3 g6 17. c4 d4 18. Bf3 Qc7 19. Rfe1 Bg7 20. h4 a5 21. a3 a4 22. Rab1 Ra6 23. b3 axb3 24. Rxb3 b6 25. Re2 Nb8 26. Qg5 Nc6 27. g4 hxg4 28. Bxg4 Qd8 29. Reb2 Qxg5 30. hxg5 Nxe5 31. Bxe5 Bxe5 32. Rxb6 Rxb6 33. Rxb6 Kd7 34. Bf3 Rb8 35. Ra6 1/2-1/2

[Event "SLO-chT U20"]
[Site "Novo Mesto"]
[Date "2003.08.26"]
[Round "5"]
[White "Novak, Gorazd"]
[Black "Kokol, Peter"]
[Result "1/2-1/2"]
[WhiteElo "2200"]
[BlackElo "1881"]
[PlyCount "69"]
[EventDate "2003.08.23"]
[EventType "team"]
[EventRounds "7"]
[EventCountry "SLO"]
[SourceTitle "EXT 2005"]
[Source "ChessBase"]
[SourceDate "2004.11.15"]
[SourceVersion "1"]
[SourceVersionDate "2004.11.15"]
[SourceQuality "1"]

1. Nc3 c5 2. Nf3 Nc6 3. g3 g6 4. Bg2 Bg7 5. 0-0 e6 6. d3 d5 7. e4 Nge7 8. Bd2 0-0 9. Qc1 Re8 10. Bh6 Bh8 11. h4 a6 12. Nh2 b5 13. Ng4 f5 14. exf5 exf5 15. Bg5 fxg4 16. Bxd5+ Qxd5 17. Nxd5 Nxd5 18. Re1 Bf5 19. c4 Nd4 20. Kg2 Nb4 21. cxb5 Nbc2 22. Re7 Be5 23. Rxe8+ Rxe8 24. Bf4 Bxf4 25. Qxf4 Nxa1 26. bxa6 Bd7 27. a7 Bc6+ 28. Kf1 Nac2 29. Qb8 Kf7 30. Qf4+ Kg7 31. Qc7+ Kh6 32. Qf4+ Kg7 33. Qc7+ Kf8 34. Qd6+ Kg8 35. Qb8 1/2-1/2

[Event "SLO-chT 12th"]
[Site "Bled"]
[Date "2002.11.23"]
[Round "8"]
[White "Zorko, Jure"]
[Black "Novak, Gorazd"]
[Result "1/2-1/2"]
[WhiteElo "2230"]
[BlackElo "2198"]
[PlyCount "29"]
[EventDate "2002.11.18"]
[EventType "team-tourn"]
[EventRounds "9"]
[EventCountry "SLO"]
[SourceTitle "EXT 2005"]
[Source "ChessBase"]
[SourceDate "2004.11.15"]
[SourceVersion "1"]
[SourceVersionDate "2004.11.15"]
[SourceQuality "1"]
[WhiteTeam "Ljubljana Metalka Trgovina"]
[BlackTeam "Krsko Triglav"]
[WhiteTeamCountry "SLO"]
[BlackTeamCountry "SLO"]

1. e4 c5 2. Nf3 d6 3. d4 cxd4 4. Nxd4 Nf6 5. Nc3 a6 6. Be2 e5 7. Nb3 Be7 8. 0-0 Be6 9. Be3 Qc7 10. a4 Nbd7 11. Qd2 0-0 12. a5 Rac8 13. Rfd1 Rfd8 14. Qe1 Qc6 15. Bf3 1/2-1/2

[Event "SLO-chT 12th"]
[Site "Bled"]
[Date "2002.11.22"]
[Round "6"]
[White "Novak, Gorazd"]
[Black "Zorko, Joze"]
[Result "0-1"]
[WhiteElo "2198"]
[BlackElo "2070"]
[PlyCount "56"]
[EventDate "2002.11.18"]
[EventType "team-tourn"]
[EventRounds "9"]
[EventCountry "SLO"]
[SourceTitle "EXT 2005"]
[Source "ChessBase"]
[SourceDate "2004.11.15"]
[SourceVersion "1"]
[SourceVersionDate "2004.11.15"]
[SourceQuality "1"]
[WhiteTeam "Krsko Triglav"]
[BlackTeam "Grize"]
[WhiteTeamCountry "SLO"]
[BlackTeamCountry "SLO"]

1. e4 c5 2. Nf3 e6 3. d4 cxd4 4. Nxd4 Nf6 5. Nc3 Nc6 6. Ndb5 d6 7. Bf4 e5 8. Bg5 a6 9. Na3 b5 10. Bxf6 gxf6 11. Nd5 f5 12. exf5 Bxf5 13. Qf3 Nd4 14. Nc7+ Qxc7 15. Qxa8+ Ke7 16. c3 b4 17. cxb4 Bh6 18. Qxh8 Qb7 19. Bb5 Qe4+ 20. Kf1 axb5 21. h3 Qd3+ 22. Kg1 Ne2+ 23. Kf1 Nc1+ 24. Kg1 Qd1+ 25. Kh2 Bf4+ 26. g3 Bxg3+ 27. Kxg3 Qxh1 28. Rxc1 Qxh3# 0-1

[Event "SLO-ch"]
[Site "Grize"]
[Date "2001.10.08"]
[Round "8"]
[White "Novak, Gorazd"]
[Black "Sirnik, Bostjan"]
[Result "1-0"]
[WhiteElo "2160"]
[BlackElo "2156"]
[PlyCount "113"]
[EventDate "2001.10.01"]
[EventType "swiss"]
[EventRounds "9"]
[EventCountry "SLO"]
[SourceTitle "CBM 084 Extra"]
[Source "ChessBase"]
[SourceDate "2001.10.26"]
[SourceVersion "1"]
[SourceVersionDate "2001.10.26"]
[SourceQuality "1"]

1. e4 d6 2. d4 Nf6 3. Nc3 e5 4. Nf3 Nbd7 5. a4 Be7 6. Bc4 0-0 7. 0-0 a5 8. h3 exd4 9. Nxd4 Nb6 10. Be2 d5 11. e5 Ne4 12. Nxe4 dxe4 13. Nb5 Bf5 14. c4 Nd7 15. Nd4 Bg6 16. e6 Ne5 17. exf7+ Rxf7 18. Ne6 Qc8 19. Nf4 Bf5 20. Qd5 Ng6 21. Nxg6 hxg6 22. Be3 c6 23. Qd2 Bb4 24. Qc2 Qe8 25. c5 Rd7 26. Bc4+ Kh7 27. g4 Be6 28. Qxe4 Bxc4 29. Qxc4 Rad8 30. Qc2 Rd5 31. Rad1 Qe6 32. Qc4 R8d7 33. Rxd5 Rxd5 34. Kg2 Qe7 35. Rc1 Qf6 36. Qc2 Qe7 37. b3 Qe5 38. Qc4 Qe7 39. Rc2 Qd8 40. Qe4 Rd3 41. Rc4 Bc3 42. h4 Qd5 43. h5 Qxe4+ 44. Rxe4 gxh5 45. gxh5 Bf6 46. b4 Rb3 47. bxa5 Bd8 48. a6 bxa6 49. Re6 Ra3 50. Rxc6 Rxa4 51. Rc8 Bf6 52. Kf3 g5 53. hxg6+ Kxg6 54. c6 Kf5 55. c7 Rc4 56. Bb6 Ke6 57. Rd8 1-0